000
00315nam a22001337a 4500
020
_a
07-040025-3
082
_a
620.1 ENG'M
100
_a
MANTELL, CHARLESS L
_9
78985
245
_a
ENGINEERING MATERIALS HANDBOOK
250
_a
1ST
260
_a
NEWYORK
_b
MCGRAW HILL
_c
1958
300
_a
XXXII, 43-28P
942
_c
BK
999
_c
584057
_d
584057